Od logických obvodů k mikroprocesorům 3 metody systémového návrhu

Salvato in:
Dettagli Bibliografici
Autore principale: Bernard, Jean-Michel
Altri autori: Hugon, Jean
Natura: Libro
Lingua:ceco
Pubblicazione: Praha Státní nakladatelství technické literatury 1984
Edizione:2. vyd.
Tags: Aggiungi Tag
Nessun Tag, puoi essere il primo ad aggiungerne!!

MARC

LEADER 00000nam a2200000 4500
001 c116662
005 20250522112711.7
041 0 |a cze 
044 |a CZ 
245 1 0 |a Od logických obvodů k mikroprocesorům 3  |b metody systémového návrhu  |c Jean-Michel Bernard, Jean Hugon 
250 |a 2. vyd. 
264 1 |a Praha  |b Státní nakladatelství technické literatury  |c 1984 
300 |a 130 s. 
100 1 |a Bernard, Jean-Michel 
700 1 |a Hugon, Jean